[Event "M.Botvinnik Memorial 2012 Blitz"]
[Site "St. Petersburg"]
[Date "2012.08.24"]
[Round "7.11"]
[White "Inarkiev, Ernesto"]
[Black "Fedoseev, Vladimir"]
[Result "0-1"]
[LiveChessVersion "1.3.1"]
[BlackElo "2506"]
[WhiteElo "2683"]

1. e4 e5 2. Nf3 {[%clk 0:03:04]} Nc6 {[%clk 0:03:05]} 3. Bb5 {[%clk 0:03:06]} a6
{[%clk 0:03:05]} 4. Ba4 {[%clk 0:03:07]} Nf6 {[%clk 0:03:05]} 5. O-O
{[%clk 0:03:08]} Bc5 {[%clk 0:03:07]} 6. c3 {[%clk 0:03:03]} b5 {[%clk 0:03:07]}
7. Bb3 {[%clk 0:03:04]} d6 {[%clk 0:03:07]} 8. a4 {[%clk 0:03:03]} Bb7
{[%clk 0:02:54]} 9. d3 {[%clk 0:02:45]} h6 {[%clk 0:02:52]} 10. Nh4
{[%clk 0:02:12]} O-O {[%clk 0:02:21]} 11. axb5 {[%clk 0:02:09]} axb5
{[%clk 0:02:22]} 12. Rxa8 {[%clk 0:02:10]} Bxa8 {[%clk 0:02:17]} 13. Qf3
{[%clk 0:01:41]} Kh7 {[%clk 0:01:56]} 14. Nf5 {[%clk 0:01:30]} Ng8
{[%clk 0:01:46]} 15. Nd2 {[%clk 0:00:37]} g6 {[%clk 0:01:29]} 16. Ne3
{[%clk 0:00:37]} Kg7 {[%clk 0:01:02]} 17. Qg3 {[%clk 0:00:25]} Nce7
{[%clk 0:00:55]} 18. Nf3 {[%clk 0:00:25]} Bxe3 {[%clk 0:00:44]} 19. Bxe3
{[%clk 0:00:17]} f5 {[%clk 0:00:43]} 20. Nxe5 {[%clk 0:00:11]} dxe5 21. Qxe5+
{[%clk 0:00:12]} Nf6 {[%clk 0:00:39]} 22. Bc5 {[%clk 0:00:13]} Re8
{[%clk 0:00:32]} 23. Qe6 {[%clk 0:00:13]} Ned5 {[%clk 0:00:33]} 24. Qa6
{[%clk 0:00:11]} fxe4 {[%clk 0:00:32]} 25. dxe4 {[%clk 0:00:12]} Nxe4
{[%clk 0:00:26]} 26. Bd4+ Kh7 27. Ra1 {[%clk 0:00:10]} Nf4 {[%clk 0:00:22]} 28.
Be3 {[%clk 0:00:09]} Nd5 {[%clk 0:00:12]} 29. Bd4 {[%clk 0:00:11]} Qd6
{[%clk 0:00:12]} 30. Qxd6 {[%clk 0:00:11]} Nxd6 {[%clk 0:00:13]} 31. f3
{[%clk 0:00:12]} Bb7 {[%clk 0:00:14]} 32. Ra7 {[%clk 0:00:11]} Nb6
{[%clk 0:00:12]} 33. Bxb6 {[%clk 0:00:10]} cxb6 {[%clk 0:00:13]} 34. Ra1
{[%clk 0:00:10]} Kg7 {[%clk 0:00:14]} 35. Rd1 {[%clk 0:00:11]} Rd8
{[%clk 0:00:14]} 36. Kf2 {[%clk 0:00:12]} Kf6 {[%clk 0:00:14]} 37. Rd4
{[%clk 0:00:13]} g5 {[%clk 0:00:14]} 38. Rd1 {[%clk 0:00:10]} Bc6
{[%clk 0:00:15]} 39. Re1 {[%clk 0:00:11]} Re8 {[%clk 0:00:16]} 40. Rd1
{[%clk 0:00:12]} Nb7 {[%clk 0:00:16]} 41. Bc2 {[%clk 0:00:12]} Re6
{[%clk 0:00:17]} 42. h4 {[%clk 0:00:10]} gxh4 {[%clk 0:00:17]} 43. Rd4
{[%clk 0:00:11]} Nc5 {[%clk 0:00:16]} 44. Rxh4 Ke7 45. Rg4 {[%clk 0:00:08]} Rd6
{[%clk 0:00:18]} 46. Ke2 {[%clk 0:00:08]} Ne6 {[%clk 0:00:19]} 47. Rh4
{[%clk 0:00:08]} Ng7 {[%clk 0:00:19]} 48. Rg4 {[%clk 0:00:08]} Ne8
{[%clk 0:00:19]} 49. Bd3 {[%clk 0:00:07]} Bd7 {[%clk 0:00:19]} 50. Rh4
{[%clk 0:00:08]} Re6+ {[%clk 0:00:19]} 51. Kd2 {[%clk 0:00:08]} Nd6
{[%clk 0:00:20]} 52. b3 {[%clk 0:00:09]} Rf6 {[%clk 0:00:21]} 53. Rh5
{[%clk 0:00:06]} Bf5 {[%clk 0:00:22]} 54. Be2 {[%clk 0:00:07]} Be6
{[%clk 0:00:20]} 55. g4 {[%clk 0:00:07]} Bxb3 {[%clk 0:00:21]} 56. Ke3
{[%clk 0:00:05]} Bc4 {[%clk 0:00:22]} 57. Bd1 {[%clk 0:00:06]} Nf7
{[%clk 0:00:22]} 58. f4 {[%clk 0:00:06]} Re6+ {[%clk 0:00:22]} 59. Kd2
{[%clk 0:00:07]} Rd6+ {[%clk 0:00:23]} 60. Ke1 {[%clk 0:00:06]} Be6
{[%clk 0:00:22]} 61. Be2 {[%clk 0:00:07]} Bc4 {[%clk 0:00:22]} 62. Bd1
{[%clk 0:00:08]} Rd3 {[%clk 0:00:23]} 63. g5 {[%clk 0:00:08]} hxg5
{[%clk 0:00:23]} 64. fxg5 {[%clk 0:00:09]} Rg3 {[%clk 0:00:24]} 65. Rh7
{[%clk 0:00:07]} Rxg5 {[%clk 0:00:24]} 66. Bf3 {[%clk 0:00:08]} Kd6
{[%clk 0:00:25]} 67. Kd2 {[%clk 0:00:09]} Ne5 {[%clk 0:00:26]} 68. Be4
{[%clk 0:00:11]} Be6 {[%clk 0:00:24]} 69. Rh6 {[%clk 0:00:11]} Ng4
{[%clk 0:00:25]} 70. Rh8 {[%clk 0:00:12]} Re5 {[%clk 0:00:25]} 71. Bf3
{[%clk 0:00:13]} Nf6 {[%clk 0:00:26]} 72. Rb8 {[%clk 0:00:13]} Nd7
{[%clk 0:00:27]} 73. Rh8 {[%clk 0:00:14]} Bd5 {[%clk 0:00:29]} 74. Be2
{[%clk 0:00:15]} Bc6 {[%clk 0:00:28]} 75. Rh6+ {[%clk 0:00:16]} Kc7
{[%clk 0:00:30]} 76. Rh7 {[%clk 0:00:16]} Rd5+ {[%clk 0:00:31]} 77. Kc2
{[%clk 0:00:17]} Rd6 {[%clk 0:00:32]} 78. Bg4 {[%clk 0:00:17]} Be4+
{[%clk 0:00:33]} 0-1

[Event "M.Botvinnik Memorial 2012 Blitz"]
[Site "St. Petersburg"]
[Date "2012.08.24"]
[Round "7.12"]
[White "Zvjaginsev, Vadim"]
[Black "Kalegin, Evgenij"]
[Result "1-0"]
[LiveChessVersion "1.3.1"]
[BlackElo "2486"]
[WhiteElo "2671"]

1. c4 {[%clk 0:03:03]} e5 {[%clk 0:03:03]} 2. g3 {[%clk 0:03:03]} d6
{[%clk 0:03:04]} 3. Bg2 {[%clk 0:03:04]} Nf6 {[%clk 0:03:06]} 4. Nc3
{[%clk 0:03:03]} g6 {[%clk 0:03:06]} 5. Nf3 {[%clk 0:02:58]} Bg7 {[%clk 0:03:07]}
6. O-O {[%clk 0:02:59]} O-O {[%clk 0:03:08]} 7. d4 {[%clk 0:02:59]} Nbd7
{[%clk 0:03:09]} 8. e3 {[%clk 0:02:56]} c6 {[%clk 0:03:03]} 9. b3
{[%clk 0:02:57]} Re8 {[%clk 0:03:04]} 10. a4 {[%clk 0:02:56]} a6 {[%clk 0:02:58]}
11. Ba3 {[%clk 0:02:56]} e4 {[%clk 0:02:52]} 12. Nd2 {[%clk 0:02:53]} d5
{[%clk 0:02:53]} 13. f3 {[%clk 0:02:45]} exf3 {[%clk 0:02:43]} 14. Qxf3
{[%clk 0:02:45]} dxc4 {[%clk 0:02:10]} 15. Nxc4 {[%clk 0:02:41]} Nb6
{[%clk 0:02:05]} 16. Nd6 {[%clk 0:02:24]} Re6 {[%clk 0:01:48]} 17. Nce4
{[%clk 0:02:12]} Nbd5 {[%clk 0:01:44]} 18. Rae1 {[%clk 0:02:10]} Qc7
{[%clk 0:01:37]} 19. Kh1 {[%clk 0:01:59]} Nxe4 {[%clk 0:01:32]} 20. Nxe4
{[%clk 0:01:59]} h6 {[%clk 0:01:16]} 21. a5 {[%clk 0:01:29]} f5 {[%clk 0:01:02]}
22. Nc5 {[%clk 0:01:24]} Re8 {[%clk 0:01:02]} 23. Bc1 {[%clk 0:01:15]} Nc3
{[%clk 0:00:49]} 24. Bd2 {[%clk 0:01:13]} Ne4 {[%clk 0:00:49]} 25. Nxe4
{[%clk 0:01:11]} fxe4 {[%clk 0:00:50]} 26. Qf4 {[%clk 0:01:06]} Qxf4
{[%clk 0:00:49]} 27. Rxf4 {[%clk 0:01:07]} Be6 {[%clk 0:00:47]} 28. Rxe4
{[%clk 0:01:01]} Bd5 {[%clk 0:00:44]} 29. Rxe8+ {[%clk 0:00:52]} Rxe8
{[%clk 0:00:45]} 30. Bxd5+ {[%clk 0:00:53]} cxd5 {[%clk 0:00:47]} 31. Rc1
{[%clk 0:00:53]} Re7 {[%clk 0:00:44]} 32. Kg2 {[%clk 0:00:45]} h5
{[%clk 0:00:46]} 33. Kf3 {[%clk 0:00:43]} Rf7+ {[%clk 0:00:45]} 34. Ke2
{[%clk 0:00:44]} Rd7 {[%clk 0:00:43]} 35. Rc8+ {[%clk 0:00:41]} Kf7
{[%clk 0:00:32]} 36. Bb4 {[%clk 0:00:42]} Ke6 {[%clk 0:00:31]} 37. Bc5
{[%clk 0:00:42]} Rf7 {[%clk 0:00:28]} 38. Rd8 {[%clk 0:00:41]} Rd7
{[%clk 0:00:24]} 39. Re8+ {[%clk 0:00:40]} Kf7 {[%clk 0:00:25]} 40. Rb8
{[%clk 0:00:41]} Bf6 {[%clk 0:00:26]} 41. b4 {[%clk 0:00:41]} Bg5
{[%clk 0:00:26]} 42. Kd3 {[%clk 0:00:38]} Ke6 {[%clk 0:00:26]} 43. e4
{[%clk 0:00:37]} dxe4+ {[%clk 0:00:27]} 44. Kxe4 {[%clk 0:00:38]} Rf7
{[%clk 0:00:26]} 45. d5+ {[%clk 0:00:38]} Kf6 {[%clk 0:00:25]} 46. Bd4+ Ke7 47.
Rxb7+ {[%clk 0:00:40]} Ke8 {[%clk 0:00:28]} 48. Rxf7 Kxf7 49. b5 {[%clk 0:00:38]}
axb5 {[%clk 0:00:30]} 50. a6 {[%clk 0:00:39]} 1-0

[Event "M.Botvinnik Memorial 2012 Blitz"]
[Site "St. Petersburg"]
[Date "2012.08.24"]
[Round "8.1"]
[White "Alekseev, Evgeny"]
[Black "Timofeev, Artyom"]
[Result "1-0"]
[LiveChessVersion "1.3.1"]
[BlackElo "2639"]
[WhiteElo "2639"]

1. e4 {[%clk 0:03:03]} e6 {[%clk 0:03:03]} 2. d4 {[%clk 0:03:03]} d5
{[%clk 0:03:04]} 3. Nc3 {[%clk 0:03:04]} Nc6 {[%clk 0:03:04]} 4. e5
{[%clk 0:02:59]} f6 {[%clk 0:03:01]} 5. Bb5 {[%clk 0:02:58]} Qe7 {[%clk 0:02:54]}
6. Nf3 {[%clk 0:02:54]} Qf7 {[%clk 0:02:54]} 7. O-O {[%clk 0:02:43]} Nge7
{[%clk 0:02:53]} 8. Re1 {[%clk 0:02:30]} Bd7 {[%clk 0:02:52]} 9. Bf4
{[%clk 0:01:59]} O-O-O {[%clk 0:02:39]} 10. Qd2 {[%clk 0:01:58]} Rg8
{[%clk 0:02:12]} 11. a4 {[%clk 0:01:51]} g5 {[%clk 0:02:09]} 12. exf6
{[%clk 0:01:43]} gxf4 {[%clk 0:02:08]} 13. fxe7 {[%clk 0:01:43]} Bxe7
{[%clk 0:02:04]} 14. Bxc6 {[%clk 0:01:03]} Bxc6 {[%clk 0:02:03]} 15. Ne5
{[%clk 0:01:04]} Qg7 {[%clk 0:01:10]} 16. f3 {[%clk 0:01:04]} Be8
{[%clk 0:00:58]} 17. Kh1 {[%clk 0:01:05]} Bh4 {[%clk 0:00:55]} 18. Re2
{[%clk 0:01:00]} Qf6 {[%clk 0:00:33]} 19. Ng4 {[%clk 0:00:55]} Rxg4
{[%clk 0:00:25]} 20. fxg4 {[%clk 0:00:56]} f3 {[%clk 0:00:26]} 21. gxf3
{[%clk 0:00:40]} Qxf3+ {[%clk 0:00:26]} 22. Rg2 {[%clk 0:00:40]} e5
{[%clk 0:00:24]} 23. Qe2 {[%clk 0:00:35]} e4 {[%clk 0:00:13]} 24. Rf1
{[%clk 0:00:17]} Qh3 {[%clk 0:00:13]} 25. Qd2 {[%clk 0:00:07]} Bg6
{[%clk 0:00:10]} 26. Nd1 {[%clk 0:00:08]} Be7 {[%clk 0:00:00]} 27. Qe3
{[%clk 0:00:08]} Qxe3 {[%clk 0:00:00]} 28. Nxe3 {[%clk 0:00:08]} Bg5
{[%clk 0:00:00]} 29. Re2 {[%clk 0:00:08]} a6 {[%clk 0:00:00]} 30. Kg2
{[%clk 0:00:08]} b5 {[%clk 0:00:00]} 31. axb5 {[%clk 0:00:08]} axb5
{[%clk 0:00:00]} 32. Kg3 {[%clk 0:00:08]} Be7 {[%clk 0:00:00]} 33. Nf5
{[%clk 0:00:08]} Bf8 {[%clk 0:00:00]} 34. h4 {[%clk 0:00:08]} Kb7
{[%clk 0:00:00]} 35. h5 {[%clk 0:00:08]} Be8 {[%clk 0:00:00]} 36. Kh4
{[%clk 0:00:08]} c5 {[%clk 0:00:00]} 37. c3 {[%clk 0:00:08]} b4 {[%clk 0:00:00]}
38. g5 {[%clk 0:00:08]} Kb6 {[%clk 0:00:00]} 39. Ne3 {[%clk 0:00:08]} Be7
{[%clk 0:00:00]} 40. Nf5 {[%clk 0:00:08]} Bf8 {[%clk 0:00:00]} 41. Ref2
{[%clk 0:00:08]} Kb5 {[%clk 0:00:00]} 42. Ne3 {[%clk 0:00:08]} Be7
{[%clk 0:00:00]} 43. Nf5 {[%clk 0:00:08]} Bf8 {[%clk 0:00:00]} 44. Rg2
{[%clk 0:00:08]} Kc4 {[%clk 0:00:00]} 45. Ne3+ {[%clk 0:00:08]} Kb3
{[%clk 0:00:00]} 46. Rxf8 {[%clk 0:00:08]} 1-0

[Event "M.Botvinnik Memorial 2012 Blitz"]
[Site "St. Petersburg"]
[Date "2012.08.24"]
[Round "8.2"]
[White "Tiviakov, Sergei"]
[Black "Khismatullin, Denis"]
[Result "1/2-1/2"]
[LiveChessVersion "1.3.1"]
[BlackElo "2607"]
[WhiteElo "2674"]

1. e4 {[%clk 0:03:03]} d6 {[%clk 0:03:03]} 2. d4 {[%clk 0:03:03]} Nf6
{[%clk 0:03:04]} 3. Nc3 {[%clk 0:03:05]} Nbd7 {[%clk 0:03:05]} 4. f4
{[%clk 0:03:02]} e5 {[%clk 0:03:06]} 5. Nf3 {[%clk 0:03:03]} exd4
{[%clk 0:03:05]} 6. Qxd4 {[%clk 0:03:03]} c6 {[%clk 0:03:06]} 7. Be3
{[%clk 0:02:58]} d5 {[%clk 0:02:58]} 8. e5 {[%clk 0:02:58]} Bc5 {[%clk 0:02:48]}
9. Qd2 {[%clk 0:02:58]} Bxe3 {[%clk 0:02:39]} 10. Qxe3 {[%clk 0:02:59]} Ng4
{[%clk 0:02:40]} 11. Qd2 {[%clk 0:02:44]} Qb6 {[%clk 0:02:06]} 12. O-O-O
{[%clk 0:02:42]} Qe3 {[%clk 0:01:38]} 13. h3 {[%clk 0:02:40]} Qxd2+
{[%clk 0:01:39]} 14. Rxd2 {[%clk 0:02:41]} Ne3 {[%clk 0:01:38]} 15. Bd3
{[%clk 0:02:35]} Nc5 {[%clk 0:01:05]} 16. Re1 {[%clk 0:02:34]} Nf5
{[%clk 0:00:57]} 17. g4 {[%clk 0:02:32]} Ne7 {[%clk 0:00:44]} 18. f5
{[%clk 0:02:32]} O-O {[%clk 0:00:26]} 19. Bf1 {[%clk 0:02:24]} a5
{[%clk 0:00:25]} 20. Nd4 {[%clk 0:02:20]} Bd7 {[%clk 0:00:24]} 21. a4
{[%clk 0:02:11]} Rae8 {[%clk 0:00:19]} 22. Rf2 {[%clk 0:02:00]} Nc8
{[%clk 0:00:16]} 23. h4 {[%clk 0:01:51]} Ne4 {[%clk 0:00:16]} 24. Nxe4
{[%clk 0:01:22]} Rxe5 {[%clk 0:00:16]} 25. Rfe2 {[%clk 0:01:10]} dxe4
{[%clk 0:00:16]} 26. Rxe4 {[%clk 0:01:11]} Rxe4 {[%clk 0:00:17]} 27. Rxe4 Rd8 28.
Rf4 {[%clk 0:00:48]} Kf8 {[%clk 0:00:18]} 29. g5 {[%clk 0:00:47]} Re8
{[%clk 0:00:18]} 30. Kd2 {[%clk 0:00:47]} Nd6 {[%clk 0:00:19]} 31. Bd3
{[%clk 0:00:44]} c5 {[%clk 0:00:19]} 32. Ne2 {[%clk 0:00:40]} f6 {[%clk 0:00:10]}
33. Ng3 {[%clk 0:00:34]} Re5 {[%clk 0:00:09]} 34. b3 {[%clk 0:00:33]} b6
{[%clk 0:00:10]} 35. gxf6 {[%clk 0:00:22]} gxf6 {[%clk 0:00:11]} 36. Ne4
{[%clk 0:00:21]} Nxe4+ 37. Bxe4 {[%clk 0:00:22]} Ke7 {[%clk 0:00:09]} 38. Bd3
{[%clk 0:00:23]} Kd6 {[%clk 0:00:11]} 39. Rf3 {[%clk 0:00:12]} Bc8
{[%clk 0:00:10]} 40. Rf4 {[%clk 0:00:13]} Bd7 {[%clk 0:00:10]} 41. Rf3
{[%clk 0:00:14]} Re7 {[%clk 0:00:08]} 42. Rg3 {[%clk 0:00:11]} Ke5
{[%clk 0:00:07]} 43. Re3+ {[%clk 0:00:12]} Kd6 {[%clk 0:00:08]} 44. Rg3
{[%clk 0:00:13]} Ke5 {[%clk 0:00:07]} 1/2-1/2

[Event "M.Botvinnik Memorial 2012 Blitz"]
[Site "St. Petersburg"]
[Date "2012.08.24"]
[Round "8.3"]
[White "Matlakov, Maxim"]
[Black "Lysyj, Igor"]
[Result "1/2-1/2"]
[LiveChessVersion "1.3.1"]
[BlackElo "2604"]
[WhiteElo "2663"]

1. c4 {[%clk 0:03:03]} Nf6 {[%clk 0:02:59]} 2. Nc3 {[%clk 0:03:03]} c5
{[%clk 0:02:59]} 3. Nf3 {[%clk 0:03:03]} e6 {[%clk 0:03:00]} 4. g3
{[%clk 0:02:40]} b6 {[%clk 0:03:01]} 5. Bg2 {[%clk 0:02:41]} Bb7 {[%clk 0:03:02]}
6. O-O {[%clk 0:02:41]} Be7 {[%clk 0:03:03]} 7. Re1 {[%clk 0:02:35]} Ne4
{[%clk 0:03:03]} 8. Nxe4 {[%clk 0:02:35]} Bxe4 {[%clk 0:03:04]} 9. d3
{[%clk 0:02:31]} Bb7 {[%clk 0:03:05]} 10. e4 {[%clk 0:02:31]} O-O
{[%clk 0:03:05]} 11. d4 {[%clk 0:02:32]} cxd4 {[%clk 0:03:05]} 12. Nxd4
{[%clk 0:02:32]} Nc6 {[%clk 0:03:07]} 13. Be3 {[%clk 0:02:28]} Nxd4
{[%clk 0:03:03]} 14. Bxd4 {[%clk 0:02:22]} Qc7 {[%clk 0:03:02]} 15. Rc1
{[%clk 0:02:15]} Bc6 {[%clk 0:02:55]} 16. Qg4 {[%clk 0:02:09]} f6
{[%clk 0:02:54]} 17. e5 {[%clk 0:01:52]} Bxg2 {[%clk 0:02:32]} 18. exf6
{[%clk 0:01:38]} Bxf6 {[%clk 0:02:30]} 19. Kxg2 {[%clk 0:01:22]} Qc6+
{[%clk 0:02:26]} 20. Kg1 {[%clk 0:01:20]} Qa4 {[%clk 0:02:19]} 21. a3
{[%clk 0:01:08]} Rac8 {[%clk 0:02:20]} 1/2-1/2

[Event "M.Botvinnik Memorial 2012 Blitz"]
[Site "St. Petersburg"]
[Date "2012.08.24"]
[Round "8.4"]
[White "Dvoirys, Semen I."]
[Black "Kovalenko, Igor"]
[Result "1-0"]
[LiveChessVersion "1.3.1"]
[BlackElo "2650"]
[WhiteElo "2545"]

1. c4 {[%clk 0:03:02]} e6 {[%clk 0:03:03]} 2. g3 {[%clk 0:03:03]} d5
{[%clk 0:03:04]} 3. Bg2 {[%clk 0:03:03]} Nf6 {[%clk 0:03:05]} 4. Nf3
{[%clk 0:02:59]} Be7 {[%clk 0:03:06]} 5. O-O {[%clk 0:02:59]} O-O
{[%clk 0:03:07]} 6. d4 {[%clk 0:02:55]} Nbd7 {[%clk 0:03:06]} 7. b3
{[%clk 0:02:53]} c6 {[%clk 0:03:07]} 8. Nc3 {[%clk 0:02:49]} b6 {[%clk 0:03:07]}
9. Re1 {[%clk 0:02:45]} Ba6 {[%clk 0:03:07]} 10. Nd2 {[%clk 0:02:38]} Rc8
{[%clk 0:02:56]} 11. e4 {[%clk 0:02:27]} dxc4 {[%clk 0:02:46]} 12. Nxc4
{[%clk 0:02:22]} b5 {[%clk 0:02:43]} 13. Ne3 {[%clk 0:02:21]} b4 {[%clk 0:02:16]}
14. Na4 {[%clk 0:02:12]} Bb5 {[%clk 0:02:12]} 15. Bb2 {[%clk 0:02:03]} Qa5
{[%clk 0:02:03]} 16. d5 {[%clk 0:01:50]} cxd5 {[%clk 0:02:03]} 17. exd5
{[%clk 0:01:51]} Bxa4 {[%clk 0:01:30]} 18. dxe6 {[%clk 0:01:34]} fxe6
{[%clk 0:01:06]} 19. bxa4 {[%clk 0:01:35]} Nb6 {[%clk 0:01:03]} 20. Qb3
{[%clk 0:01:31]} Nxa4 {[%clk 0:00:44]} 21. Qxe6+ {[%clk 0:01:31]} Kh8
{[%clk 0:00:46]} 22. Be5 {[%clk 0:01:25]} Rce8 {[%clk 0:00:46]} 23. Bc6
{[%clk 0:01:23]} Nc5 {[%clk 0:00:44]} 24. Qc4 {[%clk 0:01:02]} Rc8
{[%clk 0:00:45]} 25. Nd5 {[%clk 0:00:58]} Nxd5 {[%clk 0:00:33]} 26. Qxd5
{[%clk 0:00:58]} Bf6 {[%clk 0:00:06]} 27. Rac1 {[%clk 0:00:53]} Rxc6
{[%clk 0:00:04]} 28. Qxc6 {[%clk 0:00:53]} Nd3 {[%clk 0:00:05]} 29. Bxf6
{[%clk 0:00:52]} Nxe1 {[%clk 0:00:05]} 30. Qd6 {[%clk 0:00:46]} Nf3+
{[%clk 0:00:06]} 31. Kg2 {[%clk 0:00:45]} Re8 {[%clk 0:00:03]} 32. Rc7
{[%clk 0:00:40]} Qf5 {[%clk 0:00:00]} 1-0

[Event "M.Botvinnik Memorial 2012 Blitz"]
[Site "St. Petersburg"]
[Date "2012.08.24"]
[Round "8.5"]
[White "Maletin, Pavel"]
[Black "Bukavshin, Ivan"]
[Result "1/2-1/2"]
[LiveChessVersion "1.3.1"]
[BlackElo "2609"]
[WhiteElo "2600"]

1. c4 {[%clk 0:03:02]} e5 {[%clk 0:03:03]} 2. g3 {[%clk 0:03:02]} Nf6
{[%clk 0:03:04]} 3. Bg2 {[%clk 0:03:04]} d5 {[%clk 0:03:06]} 4. cxd5
{[%clk 0:03:04]} Nxd5 {[%clk 0:03:07]} 5. Nc3 {[%clk 0:03:06]} Nb6
{[%clk 0:03:08]} 6. Nf3 {[%clk 0:03:06]} Nc6 {[%clk 0:03:09]} 7. O-O
{[%clk 0:03:06]} Be7 {[%clk 0:03:09]} 8. a3 {[%clk 0:03:07]} O-O {[%clk 0:03:09]}
9. b4 {[%clk 0:03:08]} Be6 {[%clk 0:03:09]} 10. Rb1 {[%clk 0:03:02]} f6
{[%clk 0:03:09]} 11. d3 {[%clk 0:02:59]} a5 {[%clk 0:03:06]} 12. b5
{[%clk 0:02:58]} Nd4 {[%clk 0:03:06]} 13. Nd2 {[%clk 0:02:56]} Qc8
{[%clk 0:03:05]} 14. e3 {[%clk 0:02:52]} Nf5 {[%clk 0:03:06]} 15. Qc2
{[%clk 0:02:44]} Rd8 {[%clk 0:03:03]} 16. Rd1 {[%clk 0:02:36]} Nd6
{[%clk 0:02:49]} 17. Nb3 {[%clk 0:02:27]} Bf7 {[%clk 0:02:41]} 18. Nc5
{[%clk 0:02:19]} Rb8 {[%clk 0:02:30]} 19. a4 {[%clk 0:02:15]} c6 {[%clk 0:02:27]}
20. bxc6 {[%clk 0:02:12]} bxc6 {[%clk 0:02:28]} 21. Ba3 {[%clk 0:02:06]} Nd5
{[%clk 0:02:18]} 22. Nxd5 {[%clk 0:01:57]} cxd5 {[%clk 0:02:16]} 23. Rxb8
{[%clk 0:01:48]} Qxb8 {[%clk 0:02:17]} 24. Rb1 {[%clk 0:01:49]} Qc7
{[%clk 0:02:10]} 25. Qb3 {[%clk 0:01:27]} e4 {[%clk 0:01:45]} 26. Qb6
{[%clk 0:01:08]} Qxb6 {[%clk 0:01:39]} 27. Rxb6 {[%clk 0:01:08]} Nc8
{[%clk 0:01:40]} 28. Rb1 {[%clk 0:00:22]} exd3 {[%clk 0:01:35]} 29. Nb7
{[%clk 0:00:20]} Rd7 {[%clk 0:01:22]} 30. Bxe7 {[%clk 0:00:18]} Nxe7
{[%clk 0:01:17]} 31. Nc5 {[%clk 0:00:18]} Rc7 {[%clk 0:01:00]} 32. Rb8+
{[%clk 0:00:16]} Rc8 {[%clk 0:00:57]} 33. Rxc8+ {[%clk 0:00:16]} Nxc8
{[%clk 0:00:58]} 34. Nxd3 {[%clk 0:00:17]} Nb6 {[%clk 0:01:00]} 35. Nc5
{[%clk 0:00:17]} Kf8 {[%clk 0:00:58]} 36. Nb3 {[%clk 0:00:14]} Nxa4
{[%clk 0:00:51]} 37. Nxa5 {[%clk 0:00:15]} Ke7 {[%clk 0:00:51]} 38. Nc6+
{[%clk 0:00:13]} Kd6 {[%clk 0:00:52]} 39. Nd4 {[%clk 0:00:14]} g6
{[%clk 0:00:52]} 40. g4 {[%clk 0:00:15]} Nc5 {[%clk 0:00:50]} 41. h4
{[%clk 0:00:15]} Ne6 {[%clk 0:00:47]} 42. Ne2 {[%clk 0:00:09]} h6
{[%clk 0:00:43]} 43. Kh2 {[%clk 0:00:08]} g5 {[%clk 0:00:42]} 44. Kg3
{[%clk 0:00:09]} Bg6 {[%clk 0:00:41]} 45. Nc3 {[%clk 0:00:10]} Nc7
{[%clk 0:00:41]} 46. f4 {[%clk 0:00:08]} Bf7 {[%clk 0:00:40]} 47. Ne2
{[%clk 0:00:08]} Nb5 {[%clk 0:00:40]} 48. Ng1 {[%clk 0:00:05]} Nc3
{[%clk 0:00:35]} 49. fxg5 {[%clk 0:00:05]} fxg5 {[%clk 0:00:34]} 50. hxg5
{[%clk 0:00:07]} hxg5 {[%clk 0:00:36]} 51. Nh3 d4 {[%clk 0:00:29]} 52. Nxg5
{[%clk 0:00:06]} Bg6 {[%clk 0:00:30]} 53. exd4 {[%clk 0:00:05]} Ne2+
{[%clk 0:00:31]} 54. Kh4 {[%clk 0:00:06]} Nxd4 {[%clk 0:00:31]} 55. Nh3
{[%clk 0:00:06]} Ne6 {[%clk 0:00:32]} 56. Kg3 {[%clk 0:00:06]} Ke5
{[%clk 0:00:33]} 57. Ng1 {[%clk 0:00:07]} Nd4 {[%clk 0:00:33]} 58. Nf3+
{[%clk 0:00:08]} 1/2-1/2